Land vs. Land #17 - Statistiken

Allgemein
  • Dieses Quiz wurde 36 mal gespielt
  • Das Durchschnittsergebnis liegt bei 10 aus 14
Antwortstatistiken
Frage Antwort % Korrekt
...Militär? Katar🇶🇦
100%
...Bruttoinlandsprodukt? Katar🇶🇦
97%
...Fläche? Katar🇶🇦
94%
...Einwohner? Katar🇶🇦
94%
...Bruttoinlandsprodukt pro Kopf? Katar🇶🇦
94%
...Exportmengen? Katar🇶🇦
94%
...Gewinner? Katar🇶🇦
90%
...Gesundheitswesen? Katar🇶🇦
84%
...durchschnittlicher IQ? Katar🇶🇦
84%
...Lebenserwartung? Katar🇶🇦
68%
...HDI (Human Development Index)? Katar🇶🇦
58%
...Tourismus? Katar🇶🇦
32%
...Happy Planet Index? Katar🇶🇦
29%
...Frieden? Katar🇶🇦
6%
Keine übereinstimmenden Quizze gefunden
Verteilung der Resultate
Anzahl Personen mit jedem Resultat
Perzentil nach korrekt beantworteten Fragen
Ihre Resultats-Entwicklung
Sie haben dieses Quiz noch nicht gespielt